000 00601cam a2200181 4500
001 T100526
008 000000n1964 000 0 eng u
035 _a(Sirsi) u100526
110 _aEngland and Wales
_bLands Tribunal
_91252
245 _aAcan Developments Ltd
260 _c1964
520 _aLP/15/1964 21 Aug 1964. Reported in 191 EG 979. Stored in off-site archive. Please ask Library for details
650 _aACAN DEVELOPMENTS LTD
650 _aLAW OF PROPERTY ACT 1925 S84
650 _aRESTRICTIVE COVENANTS
690 _aHIGHWAYS RIGHTS OF WAY AND EASEMENTS-CASE LAW
942 _n0
999 _c60135
_d60135